| 000 | 00610nam a2200205 u 4500 | ||
|---|---|---|---|
| 005 | 20230527063553.0 | ||
| 008 | 100603s2008 ag r 000 0 spa d | ||
| 020 | _a9789870008316 | ||
| 035 | _aUPN01000176324 | ||
| 049 | _aCG | ||
| 050 | 4 |
_aHV6437 _bC3.7 |
|
| 100 | 1 |
_aCaffarelli, Constanza, _d1972- |
|
| 245 | 1 | 0 |
_aTribus urbanas : _bcazadores de identidad / _cConstanza Caffarelli. |
| 260 |
_aBuenos Aires : _bLumen, _c2008. |
||
| 300 |
_a206 p. : _bil. |
||
| 650 | 4 |
_aPANDILLAS _912644 |
|
| 650 | 4 |
_aPsicologĂa del adolescente _91013 |
|
| 650 | 4 |
_aINTERACCION SOCIAL EN JOVENES _914291 |
|
| 905 | _aLibro | ||
| 999 |
_c148427 _d148427 |
||